000
00337nam a2200145Ia 4500
008
230718s9999 xx 000 0 und d
041
_a
Eng.
082
_a
657.45
_b
LEA-A
100
_a
learing media
245
0
_a
Additing Practise Process
260
_a
Pakistan
_b
Bpp Publishing
_c
2001
300
_a
270
650
_a
Law
999
_c
27338
_d
27338